Countries Included in the F-35 Program - Statistics

General Stats
  • This quiz has been taken 31 times
  • The average score is 11 of 19
Answer Stats
Hint Answer % Correct
1. United Kingdom
96%
4. Canada
74%
16. Germany
74%
2. Italy
74%
9. Japan
74%
7. Norway
67%
6. Denmark
63%
3. Netherlands
63%
10. South Korea
63%
11. Belgium
59%
8. Israel
59%
5. Australia
56%
14. Finland
56%
12. Poland
56%
18. Greece
52%
19. Romania
37%
17. Czech Republic
33%
15. Switzerland
26%
13. Singapore
22%
No matching quizzes found
Score Distribution
Percent of People with Each Score
Percentile by Number Answered
Your Score History
You have not taken this quiz